<?xml version="1.0" encoding="UTF-8"?>
<marc:record xmlns:marc="http://www.loc.gov/MARC21/slim">
   <marc:leader>00000nam a2200000 a 4500</marc:leader>
   <marc:datafield ind1="1" ind2=" " tag="100">
      <marc:subfield code="a">Möhle, Nelly</marc:subfield>
      <marc:subfield code="4">aut</marc:subfield>
      <marc:subfield code="e">Verfasser/-in</marc:subfield>
   </marc:datafield>
   <marc:datafield ind1=" " ind2=" " tag="653">
      <marc:subfield code="a">Kinderbuch</marc:subfield>
   </marc:datafield>
   <marc:datafield ind1=" " ind2=" " tag="653">
      <marc:subfield code="a">Kinderbücher bis 11 Jahre</marc:subfield>
   </marc:datafield>
   <marc:datafield ind1="0" ind2="0" tag="245">
      <marc:subfield code="a">Abenteuer können fliegen</marc:subfield>
   </marc:datafield>
   <marc:datafield ind1="0" ind2="0" tag="245">
      <marc:subfield code="c">Möhle, Nelly</marc:subfield>
   </marc:datafield>
   <marc:datafield ind1=" " ind2="1" tag="264">
      <marc:subfield code="a">Frankfurt am Main</marc:subfield>
      <marc:subfield code="b">Fischer KJB</marc:subfield>
   </marc:datafield>
   <marc:datafield ind1="1" ind2=" " tag="490">
      <marc:subfield code="a">Der Zaubergarten / Nelly Möhle</marc:subfield>
      <marc:subfield code="v">Band 2</marc:subfield>
   </marc:datafield>
   <marc:datafield ind1="1" ind2=" " tag="520">
      <marc:subfield code="a">In diesem geheimen Garten werden Kinderträume wahr&#xD;
&#xD;
Tilda und ihre neue Freundin Anni sind ganz aufgeregt: Der alte Mann aus dem Nachbargarten, Herr Bovist, will sie in die Geheimnisse der Zauberpflanzen einweihen und sie zu Zaubergärtnerinnen ausbilden! Doch die drei haben die Rechnung ohne den Gauner Gunnar gemacht. Der pocht auf seine Rechte an Garten, magischen Pflanzen und Zauberhandbuch und will sich das versprochene Erbe um jeden Preis sichern. Und er schreckt auch nicht davor zurück, Herrn Bovist zu entführen und auf Zwergengröße zu schrumpfen. Wird es Tilda und Anni gelingen, die richtigen Zauberblumen zu pflanzen und Herrn Bovist zu befreien? Und reicht die Zauberkraft auch noch aus, um dem fiesen Lukas in der Schule, der dauernd die anderen Kinder mobbt, eine Lektion zu erteilen?&#xD;
&#xD;
Der zweite Band der erfolgreichen Kinderbuchreihe von Nelly Möhle – mit einem geheimnisvoll glitzernden Cover, vielen magischen Bildern und einem Daumenkino von Eva Schöffmann-Davidov &#xD;
&#xD;
Alle Bände der Reihe »Der Zaubergarten«:&#xD;
Band 1: Geheimnisse sind blau&#xD;
Band 2: Abenteuer können fliegen&#xD;
Band 3: Überraschungen haben Fell&#xD;
Band 4: Freundschaft macht lustig&#xD;
Band 5: Wunder blühen bunt (erscheint im Frühjahr 2022)&#xD;
Band 6: Ferien bringen Glück (erscheint im Sommer 2022)&#xD;
&#xD;
&#xD;
Reihe bei Antolin gelistet</marc:subfield>
   </marc:datafield>
   <marc:datafield ind1=" " ind2=" " tag="020">
      <marc:subfield code="a">9783737341431</marc:subfield>
      <marc:subfield code="9">9783737341431</marc:subfield>
   </marc:datafield>
   <marc:datafield ind1=" " ind2=" " tag="020">
      <marc:subfield code="a">3737341435</marc:subfield>
      <marc:subfield code="9">3737341435</marc:subfield>
   </marc:datafield>
   <marc:datafield ind1=" " ind2=" " tag="041">
      <marc:subfield code="a">ger</marc:subfield>
   </marc:datafield>
   <marc:datafield ind1="0" ind2=" " tag="490">
      <marc:subfield code="v">Band 2</marc:subfield>
   </marc:datafield>
   <marc:datafield ind1="1" ind2=" " tag="521">
      <marc:subfield code="a">Kind</marc:subfield>
   </marc:datafield>
   <marc:datafield ind1=" " ind2=" " tag="338">
      <marc:subfield code="a">Band</marc:subfield>
   </marc:datafield>
   <marc:datafield ind1=" " ind2=" " tag="300">
      <marc:subfield code="a">239 Seiten</marc:subfield>
   </marc:datafield>
</marc:record>
